[Event "Registro op 10th"]
[Site "Registro"]
[Date "2019.08.02"]
[Round "2"]
[White "Alboredo, Julia"]
[Black "Fernandez, Tatiane Cristina Co"]
[Result "1-0"]
[WhiteElo "2205"]
[BlackElo "1806"]
[PlyCount "95"]
[EventDate "2019.08.01"]
[EventType "swiss"]
[EventRounds "7"]
[EventCountry "BRA"]
[SourceTitle "EXT 2020"]
[Source "ChessBase"]
[SourceDate "2019.10.17"]
[SourceVersion "1"]
[SourceVersionDate "2019.10.17"]
[SourceQuality "1"]

1. d4 d5 2. c4 e6 3. Nc3 Nf6 4. cxd5 exd5 5. Bg5 c6 6. e3 Bd6 7. Bd3 0-0 8. Qc2 h6 9. Bh4 Nbd7 10. Nf3 Re8 11. 0-0 Nf8 12. Bg3 Bxg3 13. hxg3 Ng4 14. b4 Ne6 15. Bh7+ Kh8 16. Bf5 Ng5 17. Bxc8 Rxc8 18. Qf5 Nxf3+ 19. gxf3 Nf6 20. Kg2 Qd7 21. Qd3 Nh7 22. Rh1 Re6 23. Rac1 Rce8 24. b5 Ng5 25. bxc6 bxc6 26. Rb1 Rf6 27. f4 Qg4 28. Qd1 Qxd1 29. Rhxd1 Ne6 30. Rb7 Ra8 31. Rdb1 Kh7 32. Rb8 Rxb8 33. Rxb8 a6 34. Rc8 g6 35. Na4 Kg7 36. Ra8 Nc7 37. Ra7 Nb5 38. Rxa6 Rd6 39. Nc5 Kf8 40. a4 Nc7 41. Ra7 Ne6 42. Nd7+ Ke8 43. Ne5 Nd8 44. a5 g5 45. fxg5 hxg5 46. a6 f6 47. Nd3 Ne6 48. Nc5 1-0

[Event "Joao Pessoa Fischer Memorial 10th"]
[Site "Joao Pessoa"]
[Date "2019.03.31"]
[Round "5"]
[White "Gomes Neto, Nelson Justino"]
[Black "Fernandez, Tatiane Cristina Co"]
[Result "1-0"]
[WhiteElo "1953"]
[BlackElo "1813"]
[PlyCount "69"]
[EventDate "2019.03.29"]
[EventType "swiss"]
[EventRounds "6"]
[EventCountry "BRA"]
[SourceTitle "CBM 190 Extra"]
[Source "ChessBase"]
[SourceDate "2019.07.15"]
[SourceVersion "1"]
[SourceVersionDate "2019.07.15"]
[SourceQuality "1"]

1. e4 e5 2. Nf3 Nc6 3. Bb5 a6 4. Ba4 Nf6 5. 0-0 Be7 6. Re1 b5 7. Bb3 d6 8. h3 Na5 9. c3 Nxb3 10. Qxb3 0-0 11. d4 exd4 12. cxd4 Bb7 13. Nc3 h6 14. Bf4 Nd7 15. Nd5 Bxd5 16. Qxd5 Nf6 17. Qc6 Qd7 18. Rac1 Rfc8 19. d5 Qxc6 20. Rxc6 Kf8 21. Nd4 Nd7 22. b4 Nb6 23. Rec1 Nc4 24. a4 g5 25. axb5 axb5 26. Nxb5 gxf4 27. R6xc4 Rcb8 28. Nxc7 Ra4 29. b5 Rxc4 30. Rxc4 Bd8 31. Rc6 Bxc7 32. Rxc7 Rxb5 33. Rc8+ Ke7 34. Rh8 f5 35. Rxh6 1-0

[Event "Brasilia Terraviva op"]
[Site "Brasilia"]
[Date "2019.01.12"]
[Round "5"]
[White "Fernandez, Tatiane Cristina Co"]
[Black "Urquiza, Marcello de Albuque"]
[Result "0-1"]
[WhiteElo "1835"]
[BlackElo "2025"]
[PlyCount "74"]
[EventDate "2019.01.10"]
[EventType "swiss"]
[EventRounds "7"]
[EventCountry "BRA"]
[SourceTitle "CBM 188 Extra"]
[Source "ChessBase"]
[SourceDate "2019.02.26"]
[SourceVersion "1"]
[SourceVersionDate "2019.02.26"]
[SourceQuality "1"]

1. e4 c5 2. Nc3 e6 3. f4 d5 4. e5 Nc6 5. Nf3 Nge7 6. Bb5 a6 7. Bxc6+ Nxc6 8. 0-0 Be7 9. d3 0-0 10. a3 Qc7 11. Qe1 Bd7 12. Bd2 f6 13. Qg3 Nd4 14. Rac1 Nxf3+ 15. Rxf3 fxe5 16. fxe5 Rxf3 17. gxf3 Rf8 18. Kh1 Rf5 19. Re1 Be8 20. f4 Bc6 21. Rg1 Bf8 22. Qg4 Qf7 23. h3 Rh5 24. Kh2 Qf5 25. Qg3 Rh6 26. Qg4 Qf7 27. Rf1 Rg6 28. Qe2 Qf5 29. Nd1 d4 30. Rf2 Be7 31. Rf3 Bxf3 32. Qxf3 Bh4 33. Qf1 Bg3+ 34. Kh1 Rh6 35. Kg1 Rxh3 36. Nf2 Bxf2+ 37. Qxf2 Qg4+ 0-1

[Event "World Amateur-ch U2000"]
[Site "Cagliari"]
[Date "2018.04.29"]
[Round "9"]
[White "Garau, Francesca"]
[Black "Fernandez, Tatiane Cristina Co"]
[Result "1-0"]
[WhiteElo "1689"]
[BlackElo "1741"]
[PlyCount "33"]
[EventDate "2018.04.22"]
[EventType "swiss"]
[EventRounds "9"]
[EventCountry "ITA"]
[SourceTitle "CBM 184 Extra"]
[Source "ChessBase"]
[SourceDate "2018.06.28"]
[SourceVersion "1"]
[SourceVersionDate "2018.06.28"]
[SourceQuality "1"]

1. e4 e5 2. Nf3 Nc6 3. d4 exd4 4. Bc4 Nf6 5. 0-0 d5 6. exd5 Nxd5 7. Ng5 Be6 8. Re1 Qd7 9. Nxf7 Be7 10. Nxh8 0-0-0 11. Qe2 Bg4 12. f3 d3 13. Bxd3 Bc5+ 14. Kh1 Nd4 15. Qd1 Bh5 16. g4 Be8 17. c3 1-0

[Event "World Amateur-ch U2000"]
[Site "Cagliari"]
[Date "2018.04.24"]
[Round "4"]
[White "Fernandez, Tatiane Cristina Co"]
[Black "Pereira Vera, Henry Alberto"]
[Result "1-0"]
[WhiteElo "1741"]
[BlackElo "1882"]
[PlyCount "91"]
[EventDate "2018.04.22"]
[EventType "swiss"]
[EventRounds "9"]
[EventCountry "ITA"]
[SourceTitle "CBM 184 Extra"]
[Source "ChessBase"]
[SourceDate "2018.06.28"]
[SourceVersion "1"]
[SourceVersionDate "2018.06.28"]
[SourceQuality "1"]

1. e4 d5 2. exd5 Qxd5 3. Nc3 Qd6 4. d4 Nf6 5. Nf3 Bg4 6. Be2 Nc6 7. Be3 0-0-0 8. Nb5 Qd7 9. c3 a6 10. Na3 Bxf3 11. Bxf3 e5 12. Nc2 exd4 13. cxd4 Nd5 14. 0-0 f5 15. Bd2 Nf6 16. Bc3 Bd6 17. b4 Ne7 18. a4 Ned5 19. Bd2 b6 20. Qe2 Kb7 21. Qc4 Ka7 22. Be2 Qc8 23. Na3 c6 24. Rfc1 Rhe8 25. Bf1 Qd7 26. Qxa6+ Kb8 27. a5 Ne4 28. Be1 Qb7 29. Qc4 b5 30. Qb3 Re6 31. a6 Qa7 32. Nc2 Qf7 33. a7+ Kb7 34. Bxb5 Bxh2+ 35. Kf1 cxb5 36. Qa2 Nc7 37. d5 Rb6 38. Na3 Ra8 39. Rc6 Qd7 40. Rxb6+ Kxb6 41. Qb2 Rxa7 42. Qd4+ Kb7 43. Qxa7+ Kc8 44. Rc1 Kd8 45. Qb8+ Ke7 46. g3 1-0

[Event "World Amateur-ch U2000"]
[Site "Cagliari"]
[Date "2018.04.23"]
[Round "3"]
[White "Giordano, Enrico"]
[Black "Fernandez, Tatiane Cristina Co"]
[Result "0-1"]
[WhiteElo "1798"]
[BlackElo "1741"]
[PlyCount "76"]
[EventDate "2018.04.22"]
[EventType "swiss"]
[EventRounds "9"]
[EventCountry "ITA"]
[SourceTitle "CBM 184 Extra"]
[Source "ChessBase"]
[SourceDate "2018.06.28"]
[SourceVersion "1"]
[SourceVersionDate "2018.06.28"]
[SourceQuality "1"]

1. e4 e5 2. Nf3 Nc6 3. Bb5 a6 4. Ba4 Nf6 5. 0-0 Be7 6. Re1 b5 7. Bb3 0-0 8. c3 d6 9. h3 Nb8 10. d4 Nbd7 11. Nbd2 Bb7 12. Bc2 Re8 13. Nf1 Bf8 14. Bg5 h6 15. Bh4 exd4 16. cxd4 Be7 17. Rc1 c5 18. e5 dxe5 19. dxe5 Nd5 20. Bg3 Nf8 21. Be4 Ra7 22. Qe2 Nb4 23. a3 Bxe4 24. Qxe4 Nd3 25. Red1 Rd7 26. Rc2 Ne6 27. Rcd2 c4 28. Ne3 g6 29. Ng4 h5 30. Ne3 Nec5 31. Qc6 Bf8 32. Bh4 Qb8 33. Ng5 Nxe5 34. Qf6 Ncd3 35. Rxd3 cxd3 36. Bg3 Bg7 37. Qxa6 Ra7 38. Qd6 Qxd6 0-1

[Event "Itapetininga op"]
[Site "Itapetininga"]
[Date "2009.11.08"]
[Round "5.3"]
[White "Cirilo, Guilherme de Araujo"]
[Black "Fernandez, Tatiane Cristina Co"]
[Result "1/2-1/2"]
[WhiteElo "1837"]
[BlackElo "1841"]
[PlyCount "139"]
[EventDate "2009.11.06"]
[EventType "swiss"]
[EventRounds "6"]
[EventCountry "BRA"]
[SourceTitle "EXT 2022"]
[Source "ChessBase"]
[SourceDate "2021.10.06"]
[SourceVersion "1"]
[SourceVersionDate "2021.10.06"]
[SourceQuality "1"]

1. d4 Nf6 2. c4 e5 3. dxe5 Ng4 4. Bf4 Bb4+ 5. Nd2 Nc6 6. Ngf3 Qe7 7. e3 Ngxe5 8. Nxe5 Nxe5 9. Be2 0-0 10. 0-0 Bxd2 11. Qxd2 d6 12. Rac1 Ng6 13. Bg3 Bd7 14. Bf3 Bc8 15. Rfd1 Ne5 16. Be2 Bg4 17. Bxe5 Bxe2 18. Bxd6 Qxd6 19. Qxe2 Qc6 20. Rd5 Rad8 21. Rcd1 Rxd5 22. Rxd5 g6 23. Qd3 Qa6 24. a3 c6 25. Rd8 Qa5 26. Rxf8+ Kxf8 27. Kf1 Qc7 28. g3 b6 29. Qd4 Kg8 30. Ke2 c5 31. Qe4 Qd7 32. h4 Qa4 33. Qd3 Kg7 34. e4 h6 35. f4 Qe8 36. Kf3 Qe6 37. Qd5 Qh3 38. Qd1 h5 39. Qe1 Qe6 40. b3 Qd6 41. Qe2 Qd4 42. Qe3 Qd1+ 43. Qe2 Qxb3+ 44. Kg2 Qxa3 45. e5 Qc3 46. e6 fxe6 47. Qxe6 Qf6 48. Qd7+ Qf7 49. Qb5 Qb7+ 50. Kh2 a6 51. Qe8 Qc7 52. Qa4 Qc8 53. Qb3 Qc6 54. Qc3+ Qf6 55. Qa3 a5 56. Qa4 Qd4 57. Qb5 Qf2+ 58. Kh3 Qg1 59. Qd7+ Kh6 60. Qd5 Qf1+ 61. Kh2 Qe2+ 62. Kh3 Qg4+ 63. Kh2 Qe2+ 64. Kh3 Qe7 65. Qg8 Qf6 66. Qa8 Kh7 67. Qb7+ Kh6 68. Qa8 Qe6+ 69. Kh2 Qf6 70. Kh3 1/2-1/2